[Event "Stay Safe Play From Home 305"]
[Site "Emanuel Lasker Arena"]
[Date "2020.07.15"]
[Round "2"]
[White "TheCHESSHOUSE"]
[Black "Bardellosport"]
[Result "1/2-1/2"]
[WhiteElo "2028"]
[BlackElo "2029"]
[Annotator "TA"]
[PlyCount "87"]
[EventDate "2020.07.15"]
[EventType "swiss (blitz)"]

{[%evp 9,87,30,39,25,27,37,135,32,31,30,56,27,30,27,68,15,45,39,41,38,38,38,53,51,54,10,57,51,150,135,184,166,323,318,486,-101,900,889,943,918,800,404,675,385,342,32,706,-181,-176,-148,-157,-236,-222,-330,-274,-306,-270,-289,151,-153,29988,29989,29989,2350,2344,0,227,227,29998,-25,59,58,108,67,173,0,117,0,64,0]} 1. d4 d5 2. c4 c6 3. cxd5 cxd5 4. Nc3 e6 5. Bf4 f5 6. Rc1 {D10: Slav Defence: 3 cxd5 (without early Nf3) and 3 Nc3.} Nf6 7. Nf3 {[#]} Bd6 $146 (7... Nc6 $14) ({Predecessor:} 7... a6 8. e3 Nc6 9. Bd3 Bd6 10. Ne5 Bxe5 11. dxe5 Ng4 12. O-O O-O 13. Bb1 Ngxe5 {1-0 (39) Yenil,M (1643)-Ozsayin,E (1532) Konya 2018}) 8. e3 (8. Bxd6 $16 Qxd6 9. Nxd5 $1 {[%mdl 512]}) 8... Bxf4 $14 9. exf4 Ne4 10. Ne5 {And now Nxe4 would win.} O-O 11. Be2 Nc6 12. O-O ({Better is} 12. Nxc6 $14 bxc6 13. O-O) 12... Nxe5 13. fxe5 Bd7 14. f3 $36 {[%mdl 2048] White fights for an advantage.} Nxc3 15. Rxc3 {[%cal Bc1c3,Bc3g3,Bg3g4,Bg4h4][%mdl 32]} Bc6 16. Qb3 a6 17. a4 Qe7 18. f4 g5 (18... Rfc8 $14) 19. Rg3 g4 20. h3 $1 h5 $2 (20... Kh8) 21. hxg4 $18 hxg4 {[#]} (21... h4 $142) 22. Qd3 $2 (22. Bxg4 $1 $18 {[%mdl 512]} Kh8 (22... fxg4 23. Rxg4+) 23. Rh3+ Kg8 24. Bh5) 22... Qd7 $2 {[%mdl 8192] [#]} (22... Bxa4 23. Bxg4 $1 {[%mdl 512]} Kh8 24. Rh3+ Kg8 25. Bh5 $18) (22... Kf7 $17) 23. Bxg4 $1 {[%mdl 512]} fxg4 24. Rxg4+ Kf7 25. Qg6+ Ke7 26. Qg5+ Ke8 27. f5 $2 ({White must play} 27. Qh6 $1 $18 Qe7 28. Rg7) 27... exf5 $2 {[%mdl 8192]} (27... Qe7 $14) 28. Rh4 $4 {[%mdl 8192] [#]} (28. Qh6 $1 $18) 28... Qe7 $1 $19 {[%cal Re7g5]} (28... Bxa4 29. Rh6 $14) 29. Qg6+ Qf7 30. Qh6 (30. Qg3 $17 {was called for.}) 30... Bd7 ({Not} 30... Bxa4 {[#]} 31. Rg4 $3 $11 {[%mdl 512]}) 31. Qg5 (31. Rg4 {is a better defense.} Rg8 32. Rxg8+ Qxg8 33. Qh5+ Kd8 34. Qh4+ Kc7 35. Qe7) 31... Be6 (31... Bxa4 32. Rh6 $19) 32. Rh6 Rg8 33. Qh4 {intending Rh7.} Qg7 $2 (33... Rc8 $19 {aiming for ...Kd7.} 34. a5 Kd7) 34. Rf2 $2 (34. Rxe6+ $16 {is forced if you want to stay better.} Kd7 35. Rd6+ {[%mdl 64] Double Attack} Kc7 36. Qf2) 34... Qg4 $2 (34... Qe7 $17 35. Qxe7+ Kxe7 36. Rh7+ Kd8 37. Rxb7 Bd7) 35. Rxe6+ Kd7 36. Qe7+ (36. Re7+ $142 Kd8 37. Qh7 Qd1+ 38. Kh2 Qh5+ 39. Qxh5 Kxe7 40. Qh7+ Ke6 41. Qxf5+ Ke7 42. Qh7+ Kd8 43. Rf7 Re8 44. Rxb7 Re7 45. Qxe7+ Kc8 46. Qd7#) 36... Kc8 $18 37. Rd6 $2 (37. Rc2+ $18 Kb8 38. Qd6+ Ka7 39. Qc5+ Kb8 40. a5 Qd1+ 41. Kf2 Qxc2+ 42. Qxc2) 37... Kb8 $2 (37... Qd1+ $11 {and Black has nothing to worry.} 38. Rf1 Qxd4+ {[%mdl 64] Double Attack} 39. Rf2 Qd1+ 40. Rf1 Qd4+ {[%mdl 64] Double Attack} 41. Rf2 Qd1+ 42. Rf1 Qd4+ {[%mdl 64] Double Attack}) 38. Rd8+ ({But not} 38. Rxd5 $6 Qe4 $16) 38... Ka7 $2 (38... Rxd8 $18 39. Qxd8+ {[%mdl 64] Double Attack} Ka7 40. Qxd5 Rc8) 39. Rxg8 $2 (39. Qc5+ {mates} b6 40. Qe7#) 39... Rxg8 (39... Qd1+ $11 40. Kh2 Rxg8) 40. Qc5+ $14 {[%mdl 64] Double Attack} Kb8 41. Qd6+ Ka7 (41... Ka8 $14 42. Qxd5 Rg6) 42. Qc5+ (42. Qxd5 $18 Rc8 43. e6) 42... Kb8 $1 $16 43. Qc2 (43. Qxd5 $16 {Rxf5 is the strong threat.} Qg5 44. Qc4) 43... Ka7 (43... Qxd4 $11 44. e6 Rc8) 44. Qc5+ {What a fight! Accuracy: White = 30%, Black = 35%.} ({White should play} 44. Qd3 $14) 1/2-1/2

[Event "Stay Safe Play From Home 305"]
[Site "Emanuel Lasker Arena"]
[Date "2020.07.15"]
[Round "2"]
[White "Fischer_11"]
[Black "Klasman"]
[Result "1-0"]
[WhiteElo "2023"]
[BlackElo "1303"]
[Annotator "NA RC"]
[PlyCount "55"]
[EventDate "2020.07.15"]
[EventType "swiss (blitz)"]

1. e4 {[%emt 0:00:01]} f5 {[%emt 0:00:01]} 2. exf5 {[%emt 0:00:02]} Nf6 {[%emt 0:00:01]} 3. Nf3 {[%emt 0:00:00]} d5 {[%emt 0:00:01]} 4. g3 {[%emt 0:00:00]} Bxf5 {[%emt 0:00:01]} 5. Bg2 {[%emt 0:00:00]} e6 {[%emt 0:00:01]} 6. O-O {[%emt 0:00:00]} Bd6 {[%emt 0:00:01]} 7. Re1 {[%emt 0:00:03]} O-O {[%emt 0:00:04]} 8. Nd4 {[%emt 0:00:00]} Qd7 {[%emt 0:00:04]} 9. Nxf5 {[%emt 0:00:01]} exf5 {[%emt 0:00:03]} 10. d4 {[%emt 0:00:01]} Ne4 {[%emt 0:00:01]} 11. c3 {[%emt 0:00:02]} Qf7 {[%emt 0:00:03]} 12. f3 {[%emt 0:00:04]} Nxg3 {[%emt 0:00:03]} 13. hxg3 {[%emt 0:00:01]} Bxg3 {[%emt 0:00:02]} 14. Rf1 {[%emt 0:00:02]} Qh5 {[%emt 0:00:01]} 15. Re1 {[%emt 0:00:04]} Qh2+ {[%emt 0:00:01]} 16. Kf1 {[%emt 0:00:01]} f4 {[%emt 0:00:04]} 17. Bd2 {[%emt 0:00:08]} Nc6 {[%emt 0:00:03]} 18. Qe2 {[%emt 0:00:09]} Rae8 {[%emt 0:00:02]} 19. Qxe8 {[%emt 0:00:02]} Rxe8 {[%emt 0:00:01]} 20. Rxe8+ {[%emt 0:00:00]} Kf7 {[%emt 0:00:01]} 21. Re2 {[%emt 0:00:03]} Qh6 {[%emt 0:00:05]} 22. Na3 {[%emt 0:00:02]} Na5 {[%emt 0:00:01]} 23. Rae1 {[%emt 0:00:01]} Nc4 {[%emt 0:00:03]} 24. Re7+ {[%emt 0:00:01]} Kf6 {[%emt 0:00:02]} 25. R7e6+ {[%emt 0:00:01]} Kf5 {[%emt 0:00:01]} 26. Rxh6 {[%emt 0:00:01]} Nxd2+ {[%emt 0:00:01]} 27. Ke2 {[%emt 0:00:01]} gxh6 {[%emt 0:00:05]} 28. Rd1 {[%emt 0:00:01] Time (Lag: Av=0.40s, max=0.9s)} 1-0

[Event "Stay Safe Play From Home 305"]
[Site "Emanuel Lasker Arena"]
[Date "2020.07.15"]
[Round "2"]
[White "Buzaglo"]
[Black "Tolka"]
[Result "0-1"]
[WhiteElo "1868"]
[BlackElo "2358"]
[Annotator "TA"]
[PlyCount "50"]
[EventDate "2020.07.15"]
[EventType "swiss (blitz)"]

{[%evp 9,49,-52,-17,-27,5,-25,0,-79,-25,-26,-31,-55,-48,-50,-47,-52,-41,-68,-53,-164,-67,-127,-127,-140,-89,-127,-21,-30,-15,-152,-155,-1507,-70,-155,-159,-1656,-1652,-2340,-2283,-29996,-29997,-29999]} 1. d4 Nf6 2. Nf3 c5 3. g3 cxd4 4. Nxd4 Nc6 5. Nf3 d5 6. Bg2 {A46: 1 d4 Nf6 2 Nf3 e6: Torre, London and Colle Systems.} Bg4 7. O-O {[#]} (7. c4 $5) 7... e6 $146 {[#]} ({Predecessor:} 7... e5 8. c3 Be7 9. Nbd2 O-O 10. h3 Be6 11. b3 Qb6 12. Rb1 Rad8 13. Qc2 Rd7 {½-½ (46) Ducharme,S (805)-Lenz,J (947) LSS email 2014}) 8. Nd4 (8. c4 $1 $11 {[%mdl 512] remains equal.}) 8... Bc5 (8... Nxd4 $17 9. Qxd4 Bxe2) 9. Nxc6 $11 bxc6 {[%cal Bb7c6,Bc6d5][%mdl 32]} 10. h3 Bh5 $36 {[%mdl 2048] White is under pressure.} 11. c4 O-O 12. cxd5 cxd5 13. Nc3 Rc8 14. Qa4 (14. Bf4 $15) 14... Bb6 (14... d4 $19 15. g4 Bxg4 16. hxg4 dxc3 17. bxc3 Nd5 18. Bxd5 exd5) 15. Bg5 (15. Qb5 $15) 15... h6 $17 16. Bf4 Rc4 ({Better is} 16... d4 17. Rfd1 Qe7 18. Rxd4 e5) 17. Qb5 Rxf4 (17... Bc7 $17 18. Be3 Qe7) 18. gxf4 $11 Qb8 19. Qd3 (19. e3 $11) 19... Qxf4 $17 20. Qg3 $2 (20. e3 $17 Qg5 21. Kh1) 20... Qc4 $2 ({Black should try} 20... Qxg3 $19 21. e3 {[#]} Qg5 $1 {[%mdl 512]}) 21. e3 (21. Rfc1 $15 Qb4 22. e3) 21... Bc7 22. Qh4 $2 (22. f4 $17) 22... Qxh4 $19 23. f4 Qg3 24. Rf3 Bxf3 {[%csl Gf3][%cal Rg3g2]} 25. Rf1 Qxg2# {Accuracy: White = 27%, Black = 39%.} 0-1

[Event "Stay Safe Play From Home 305"]
[Site "Emanuel Lasker Arena"]
[Date "2020.07.15"]
[Round "3"]
[White "NTBT_DHS"]
[Black "Broken sword"]
[Result "1-0"]
[WhiteElo "2503"]
[BlackElo "2448"]
[Annotator "TA"]
[PlyCount "105"]
[EventDate "2020.07.15"]
[EventType "swiss (blitz)"]

{[%evp 14,105,25,8,20,23,18,0,10,0,9,-2,2,5,19,6,11,0,4,-13,4,7,13,8,2,6,30,22,36,6,26,29,30,0,0,0,12,12,15,8,55,0,99,70,77,0,85,7,99,0,88,43,153,153,191,180,168,202,570,0,116,114,212,208,327,325,654,656,1312,1300,2136,1097,5135,4890,29973,29974,29988,29989,29990,29991,29991,29989,29991,29992,29992,29993,29994,29995,29995,29996,29997,29997,29997,29998]} 1. d4 d5 2. c4 c6 3. Nf3 Nf6 4. cxd5 cxd5 5. Nc3 Nc6 6. Bf4 Bf5 7. e3 e6 8. Rc1 Bd6 {D14: Slav Defence: Exchange variation with ...Bf5.} 9. Bxd6 Qxd6 10. Be2 O-O {The position is equal.} 11. O-O {[#]} Bg4 $146 ({Predecessor:} 11... Rfc8 12. a3 Nd7 13. Na4 h6 14. b4 a5 15. b5 Ne7 16. Qb3 Rxc1 17. Rxc1 Rc8 18. Rxc8+ Nxc8 {0-1 (99) Gomez,J (2463)-Pourramezanali,A (2534) Ashkhabad 2017}) 12. Na4 Bxf3 13. Bxf3 Nd7 14. a3 Rfc8 15. Qd3 Ne7 16. b4 b6 17. Qa6 g6 18. Nc3 Nb8 19. Qd3 a6 20. e4 {Strongly threatening exd5.} Nd7 21. exd5 (21. e5 $5 {[%cal Re5d6]} Qb8 22. b5 $11) 21... Nxd5 22. Nxd5 exd5 23. h3 b5 24. Qe3 Nb6 25. Rc5 Rd8 26. Re1 Rab8 27. Qh6 (27. g4 $14) 27... Qf8 (27... Qf6 $11) 28. Qxf8+ (28. Qf4 {looks sharper.} Rbc8 29. Bg4 Re8 30. Rxe8 Rxe8 31. Bf3) 28... Kxf8 29. Rc7 (29. Rc6 $16) 29... Rd7 (29... Rd6 $1 $11) 30. Rec1 ({Better is} 30. Rxd7 $16 Nxd7 31. Rc1 (31. Bxd5 Nb6 $14)) 30... Rbd8 (30... Rd6 $11) 31. R7c6 (31. Rxd7 $1 $16 Nxd7 32. Rc6 (32. Bxd5 Nb6 $16)) 31... Rb8 (31... Rd6 $1 $11) 32. R1c5 Na4 ({Black should play} 32... Ke7 $14) 33. Rxd5 $16 Rxd5 34. Bxd5 {[%mdl 4096] Endgame KRB-KRN} Rd8 35. Bb3 Nc3 $2 (35... Nb2 {is more resistant.} 36. Rc2 (36. Rxa6 Rxd4 37. Ra5 Nc4 $16) 36... Nd3) 36. d5 $2 (36. Rxc3 $18 Rxd4 37. Rc7) 36... Nxd5 (36... Ne2+ $11 {remains equal.} 37. Kf1 Nd4 {[%mdl 64] Double Attack}) 37. Rxa6 {Black is on the road to losing.} Nf4 {[#]} (37... Rd7 $16) 38. Rf6 $1 $18 {[%cal Rf6f7]} Nd5 {[#]} (38... Ne2+ $142 39. Kf1 Nc1) 39. Rf3 $1 {[%cal Rf3d3]} Kg7 $2 (39... Rd7 40. Rd3 Nf6 41. Rxd7 Nxd7) 40. Rd3 Nxb4 41. Rxd8 Nc6 42. Rd7 Ne5 43. Rb7 b4 44. axb4 {White mates.} Nd3 45. Rxf7+ Kh6 46. b5 Nc1 47. Rf3 Nxb3 48. Rxb3 {KR-KPP} Kg5 49. b6 Kh6 50. b7 Kg5 51. b8=Q Kh6 52. Qf8+ Kh5 53. Rb5+ {Accuracy: White = 67%, Black = 42%.} 1-0

[Event "Stay Safe Play From Home 305"]
[Site "Emanuel Lasker Arena"]
[Date "2020.07.15"]
[Round "3"]
[White "Tolka"]
[Black "Scorpio New"]
[Result "0-1"]
[WhiteElo "2360"]
[BlackElo "2061"]
[Annotator "TA"]
[PlyCount "106"]
[EventDate "2020.07.15"]
[EventType "swiss (blitz)"]

{[%evp 9,106,35,48,34,119,35,75,79,68,77,56,0,29,18,8,12,0,0,42,-16,-4,-13,37,-42,62,-8,58,45,51,51,68,52,445,37,37,20,49,41,52,32,54,46,45,57,749,747,725,718,716,712,710,693,742,709,689,589,690,678,685,628,559,551,681,674,679,651,1160,1125,1085,1082,1451,1373,1394,0,969,763,2473,2149,29980,29981,29981,29981,29987,29983,29983,29984,29983,29984,29984,29981,29993,29994,29994,29985,29985,29984,29990,29991,29997]} 1. e4 c6 2. d4 d6 3. Nc3 Qc7 4. f4 Nd7 5. Nf3 e5 6. Bd3 {B12: Caro-Kann: Advance Variation.} g6 (6... exd4 $14 7. Nxd4 Ngf6) 7. O-O (7. Bc4 $16) 7... Bg7 8. dxe5 $1 {White is better.} dxe5 9. f5 {[#]} Ngf6 $146 ({Predecessor:} 9... Nc5 10. Bc4 b5 11. Be3 Bf8 12. fxg6 hxg6 13. Bxf7+ Qxf7 14. Nxe5 Qe6 15. Rxf8+ Kxf8 16. Bxc5+ {1-0 (22) Skovgaard,P (2288)-Nielsen,P (2083) Helsingor 2011}) 10. Bg5 (10. fxg6 $14 fxg6 11. h3) 10... h6 11. Bxf6 Nxf6 12. fxg6 fxg6 13. Nh4 g5 (13... Qf7 {is interesting.} 14. Qe2 Be6 15. Qf2 O-O 16. Qg3 g5) 14. Nf5 (14. Ng6 $14) 14... Bxf5 $11 15. Rxf5 O-O 16. Qe2 ({Better is} 16. Kh1 $14) 16... Rae8 (16... Qb6+ $15 17. Kh1 Qxb2) 17. Raf1 ({White should try} 17. Kh1 $14) 17... Nh7 (17... Qb6+ $11 18. Qf2 Qxb2) 18. Nd1 Rxf5 19. Rxf5 Nf6 20. Bc4+ Kh8 $2 {[%mdl 8192] [#]} (20... Kh7 $14) 21. Qf3 $2 ({White has to play} 21. Rxf6 $1 $18 {[%mdl 512]} Bxf6 {[#]} 22. Qh5 $1 {[%mdl 576] Double Attack}) 21... Qb6+ 22. Kh1 Qd8 23. h3 Rf8 24. Bd3 b5 25. Ne3 Qd4 26. Ng4 {[%cal Rg4f6]} Nxg4 $4 {[%mdl 8192] White leaves nothing to chance now.} (26... Nd7 $14) 27. Rxf8+ $18 Bxf8 28. Qxf8+ Kh7 29. Qf7+ Kh8 30. hxg4 Qd6 31. Qe8+ Kg7 32. Qa8 Qc5 33. Qb7+ Kf6 34. Qc8 Qd6 35. Qf5+ Kg7 {[#]} 36. a4 $1 a6 (36... bxa4 37. Bc4) 37. a5 Qc5 38. Qd7+ Kf6 39. Qd8+ Kg7 40. Qc7+ Kf6 41. Qd8+ Kg7 {[#]} 42. Qb6 $1 Qd6 43. Qxa6 Qc5 44. Qb7+ {White mates.} Kf6 45. a6 Qf2 46. Qb8 Qe1+ 47. Kh2 Qh4+ 48. Kg1 Qe1+ 49. Bf1 Qh4 50. Qf8+ Kg6 51. Qf2 Qxg4 {[#]} 52. Qf5+ $1 Kh5 (52... Qxf5 53. exf5+) 53. a7 Qxg2+ {[%mdl 32768] Accuracy: White = 70%, Black = 34%. . Loss on time!?} 0-1

[Event "Stay Safe Play From Home 305"]
[Site "Emanuel Lasker Arena"]
[Date "2020.07.15"]
[Round "3"]
[White "Weltszmerc"]
[Black "SoulofWolf"]
[Result "1-0"]
[WhiteElo "2109"]
[BlackElo "2127"]
[Annotator "RC"]
[PlyCount "111"]
[EventDate "2020.07.15"]
[EventType "swiss (blitz)"]

1. d4 {[%emt 0:00:01]} c5 {[%emt 0:00:00]} 2. c4 {[%emt 0:00:00]} e6 {[%emt 0:00:00]} 3. d5 {[%emt 0:00:01]} Nf6 {[%emt 0:00:00]} 4. Nc3 {[%emt 0:00:01]} exd5 {[%emt 0:00:00]} 5. cxd5 {[%emt 0:00:01]} d6 {[%emt 0:00:01]} 6. e4 {[%emt 0:00:00]} h6 {[%emt 0:00:01]} 7. Bb5+ {[%emt 0:00:00]} Bd7 {[%emt 0:00:01]} 8. a4 {[%emt 0:00:00]} Be7 {[%emt 0:00:00]} 9. Nf3 {[%emt 0:00:00]} O-O {[%emt 0:00:00]} 10. h3 {[%emt 0:00:01]} a6 {[%emt 0:00:01]} 11. Bd3 {[%emt 0:00:01]} Re8 {[%emt 0:00:00]} 12. O-O {[%emt 0:00:01]} Bc8 {[%emt 0:00:00]} 13. Re1 {[%emt 0:00:00]} Nbd7 {[%emt 0:00:01]} 14. Bf4 {[%emt 0:00:01]} Ne5 {[%emt 0:00:00]} 15. Nxe5 {[%emt 0:00:01]} dxe5 {[%emt 0:00:00]} 16. Bh2 {[%emt 0:00:00]} Bd6 {[%emt 0:00:01]} 17. Qd2 {[%emt 0:00:01]} Bd7 {[%emt 0:00:04]} 18. f4 {[%emt 0:00:01]} exf4 {[%emt 0:00:02]} 19. Bxf4 {[%emt 0:00:00]} Bxf4 {[%emt 0:00:00]} 20. Qxf4 {[%emt 0:00:00]} Qb8 {[%emt 0:00:03]} 21. e5 {[%emt 0:00:01]} Nh7 {[%emt 0:00:14]} 22. Re2 {[%emt 0:00:06]} Bc8 {[%emt 0:00:01]} 23. Rae1 {[%emt 0:00:02]} Qc7 {[%emt 0:00:01]} 24. d6 {[%emt 0:00:01]} Qd7 {[%emt 0:00:01]} 25. Nd5 {[%emt 0:00:02]} Rb8 {[%emt 0:00:02]} 26. Nb6 {[%emt 0:00:01]} Qd8 {[%emt 0:00:03]} 27. Nxc8 {[%emt 0:00:01]} Qxc8 {[%emt 0:00:01]} 28. Bf5 {[%emt 0:00:03]} Qd8 {[%emt 0:00:01]} 29. d7 {[%emt 0:00:02]} Re7 {[%emt 0:00:00]} 30. e6 {[%emt 0:00:01]} f6 {[%emt 0:00:02]} 31. Bxh7+ {[%emt 0:00:03]} Kxh7 {[%emt 0:00:01]} 32. Rd1 {[%emt 0:00:03]} b5 {[%emt 0:00:01]} 33. Qxb8 {[%emt 0:00:02]} Qxb8 {[%emt 0:00:01]} 34. d8=Q {[%emt 0:00:00]} Qb7 {[%emt 0:00:01]} 35. Qd3+ {[%emt 0:00:03]} g6 {[%emt 0:00:04]} 36. axb5 {[%emt 0:00:01]} axb5 {[%emt 0:00:01]} 37. Qd7 {[%emt 0:00:01]} Rxd7 {[%emt 0:00:02]} 38. exd7 {[%emt 0:00:00]} Qb6 {[%emt 0:00:02]} 39. d8=Q {[%emt 0:00:00]} Qxd8 {[%emt 0:00:02]} 40. Rxd8 {[%emt 0:00:00]} g5 {[%emt 0:00:01]} 41. Re7+ {[%emt 0:00:00]} Kg6 {[%emt 0:00:00]} 42. Rd6 {[%emt 0:00:01]} Kf5 {[%emt 0:00:00]} 43. Ree6 {[%emt 0:00:00]} h5 {[%emt 0:00:00]} 44. Rxf6+ {[%emt 0:00:00]} Ke5 {[%emt 0:00:01]} 45. Rb6 {[%emt 0:00:00]} Kd4 {[%emt 0:00:00]} 46. Rh6 {[%emt 0:00:01]} g4 {[%emt 0:00:00]} 47. Rxh5 {[%emt 0:00:00]} c4 {[%emt 0:00:00]} 48. Rbxb5 {[%emt 0:00:01]} g3 {[%emt 0:00:00]} 49. Rhg5 {[%emt 0:00:01]} Kd3 {[%emt 0:00:00] SoulofWolf proponuje remis} 50. Rxg3+ {[%emt 0:00:00]} Kc2 {[%emt 0:00:00]} 51. Rc5 {[%emt 0:00:00]} c3 {[%emt 0:00:00]} 52. Rcxc3+ {[%emt 0:00:01]} Kb1 {[%emt 0:00:00]} 53. Rgd3 {[%emt 0:00:00]} Ka2 {[%emt 0:00:00]} 54. b4 {[%emt 0:00:00]} Kb1 {[%emt 0:00:00]} 55. b5 {[%emt 0:00:00]} Kb2 {[%emt 0:00:00]} 56. b6 {[%emt 0:00:00] Czas partii ' (Lag: Av=0.85s, max=3.1s)} 1-0

[Event "Stay Safe Play From Home 305"]
[Site "Emanuel Lasker Arena"]
[Date "2020.07.15"]
[Round "3"]
[White "Lazieri3"]
[Black "Lamborghini"]
[Result "1-0"]
[WhiteElo "2086"]
[BlackElo "2109"]
[Annotator "TA"]
[PlyCount "117"]
[EventDate "2020.07.15"]
[EventType "swiss (blitz)"]

{[%evp 19,117,0,0,-139,-139,-136,-132,-273,-51,-260,-257,-258,-255,-243,-249,-258,-254,-287,-258,-380,-381,-478,-487,-476,-478,-797,-272,-274,-272,-289,-289,-274,-275,-312,-298,-306,-296,-475,-473,-443,-348,-347,-353,-401,-404,-460,-453,-461,-362,-352,-358,-402,-363,-343,-259,-329,-281,-281,-281,-433,-433,-541,-541,-519,-476,-694,-657,-1448,-1577,-1438,-1464,-1334,-1222,-29974,-1490,-1334,-1232,-840,-209,-787,0,0,0,0,8,-1608,0,-5184,0,0,0,0,0,0,0,0,0,0,0,0]} 1. e4 g6 2. Nc3 Bg7 3. Nf3 c5 4. d4 cxd4 5. Nxd4 d6 6. Be3 Nf6 7. Qd2 O-O 8. Bh6 Bxh6 9. Qxh6 Qb6 10. O-O-O Nc6 11. Nf3 {[#] B72: Sicilian Dragon: 6 Be3, lines with h3+Bc4 and sidelines.} (11. Qd2 $1 $11) 11... Ng4 $146 {[%cal Rg4h6]} (11... Qxf2 12. Ng5 $14) ({Predecessor:} 11... Bg4 12. Ng5 Rfc8 13. Nd5 Qxf2 14. Nxf6+ Qxf6 15. Qxh7+ Kf8 16. Nf3 Nb4 17. Rd2 Rc5 {0-1 (26) Krieger,M (1854)-Hoffmann,H (2152) Playchess.com INT 2020}) 12. Qg5 Nxf2 {[%mdl 64] Double Attack} 13. Bd3 (13. Qh6 $17 f6 14. Bc4+ e6 15. Rhg1) 13... Nxh1 $2 (13... Be6 $19 14. Qh6 f6) 14. Rxh1 $2 ({White must play} 14. Qh6 $1 $15 f6 15. e5) 14... Qc5 $19 15. Qh6 Qh5 16. Qxh5 gxh5 17. Nd5 Be6 18. Ng5 h6 19. Nxe6 (19. Nh3 $142) 19... fxe6 20. Nc7 Rac8 21. Nxe6 Rf2 22. Rf1 (22. c3 $142 Kf7 23. Bc4) 22... Rxf1+ $2 (22... Nb4 23. Rxf2 Nxd3+ 24. Kd2 Nxf2) 23. Bxf1 {[%mdl 4096] Endgame KRN-KBN} Ne5 24. Be2 Kf7 25. Nf4 h4 26. Nd5 e6 27. Nf4 Kf6 28. Nh5+ $2 (28. c3 {might work better.}) 28... Kg5 29. g3 hxg3 30. hxg3 Rg8 31. Nf4 Kf6 32. Nh5+ Ke7 33. b3 Rf8 34. Kd2 Rf2 35. Ke3 Rh2 36. Nf4 h5 37. a4 h4 38. gxh4 Rxh4 39. Nd3 (39. a5 $142) 39... Nxd3 40. Bxd3 {KR-KB} a5 41. Kd4 Kf6 42. Kc4 (42. c3 $142 Rh1 43. b4) 42... Ke5 43. Kb5 d5 44. exd5 Kxd5 45. Kxa5 e5 46. Bc4+ Kd4 (46... Rxc4 $142 47. Kb6 Rxc2 48. Kxb7 e4 49. a5 e3 50. a6 e2 51. a7 Ra2 52. Kb8 e1=Q 53. a8=Q+ Rxa8+ 54. Kxa8 Kc6 55. Ka7 Qe7+ 56. Kb8 Qb7#) 47. Kb6 e4 48. Kxb7 e3 $2 (48... Kc5 {aiming for ...e3.} 49. a5 e3) 49. Bd3 $2 (49. c3+ Kxc3 50. a5 Rxc4 {[%mdl 64] Remove Defender} 51. bxc4) 49... Kc3 $2 (49... Rh2 $19 50. a5 e2 51. Bxe2 Rxe2) 50. a5 $11 Rd4 51. a6 {Strongly threatening a7.} Rb4+ 52. Ka8 $2 {[%mdl 8192] [#]} (52. Kc7 $11 Rxb3 53. cxb3 Kxd3 54. Kd7) 52... Rd4 $2 ({Black should play} 52... Kd4 $1 $19 {[%cal Rd4d5]} 53. Be2 Kd5) 53. a7 $2 {[%mdl 8192]} (53. Kb7 $11 Rxd3 54. cxd3 Kxd3 55. Kc7) 53... Rxd3 $2 (53... Rb4 $19 54. Bc4 Kxc2) 54. cxd3 $19 {KP-KP. The position is equal.} e2 55. Kb7 e1=Q {( -> ...Qe7+)} 56. a8=Q {White wants to mate with Qa5+.} Qh1+ 57. Kb8 Qh8+ 58. Ka7 Qd4+ 59. Ka6 {[%mdl 32768] Accuracy: White = 36%, Black = 63%. . Sensor Board Error (Ke4/e5)?} 1-0